000 01217nam a2200325Ia 4500
001 ebr10007013
003 CaPaEBR
006 m u
007 cr cn|||||||||
008 020603s2002 mau s 000 0 eng d
010 _z 49914157
020 _z9780080480763
020 _z1928994644
040 _aCaPaEBR
_cCaPaEBR
035 _a(OCoLC)51674348
050 1 4 _aQA76.64
_b.T494 2002eb
082 0 4 _a005.1/17
_222
100 1 _aFeldt, Robert.
245 1 0 _aRuby developer's guide
_h[electronic resource] /
_cRobert Feldt, Lyle Johnson ; technical editor, Michael Neumann.
260 _aRockland, MA :
_bSyngress Pub.,
_cc2002.
300 _axxvi, 693 p.
533 _aElectronic reproduction.
_bPalo Alto, Calif. :
_cebrary,
_d2013.
_nAvailable via World Wide Web.
_nAccess may be limited to ebrary affiliated libraries.
650 0 _aObject-oriented programming (Computer science)
650 0 _aRuby (Computer program language)
655 7 _aElectronic books.
_2local
700 1 _aJohnson, Lyle.
700 1 _aNeumann, Michael.
710 2 _aebrary, Inc.
856 4 0 _uhttp://site.ebrary.com/lib/rucke/Doc?id=10007013
_zAn electronic book accessible through the World Wide Web; click to view
999 _c371
_d371